000 00988cam a22002415a 4500
001 L157937
008 130731s2013 xxk f 000 0 eng d
020 _a9781783210213
035 _a(Sirsi) u157937
041 0 _aeng
110 2 _aRoyal Institution of Chartered Surveyors
_94900
245 0 0 _aDeveloping a construction procurement strategy and selecting an appropriate route
_c[old edition]
490 0 _aRICS Guidance Note
490 0 _aRICS Black Book
520 _aPresents recommendations for specific professional tasks intended to represent 'best practice'.
520 _aSuperseded by 2nd edition published August 2024, ISBN 9781783215362
590 _aKA
650 _aPROCUREMENT
651 4 _aENGLAND AND WALES
690 _aConstruction management
_96230
856 _uhttps://www.isurv.com/downloads/download/1793/developing_a_construction_procurement_strategy_and_selecting_an_appropriate_route
_zArchived on isurv (subscription required)
942 _n0
_2ddc
999 _c115038
_d115038